O livro dos manuais (Record no. 192177)

MARC details
000 -LÍDER
campo de controle de tamanho fixo 00319 a2200157 4500
001 - NÚMERO DE CONTROLE
campo de controle 192177
020 ## - ISBN - INTERNATIONAL STANDARD BOOK NUMBER
ISBN - International Standard Book Number
040 ## - FONTE DA CATALOGAÇÃO
Instituição que transcreveu o registro Magnum
100 ## - ENTRADA PRINCIPAL--NOME PESSOAL
Nome pessoal Coelho, Paulo
240 10 - TÍTULO UNIFORME
Título uniforme O livro dos manuais
Idioma da obra por
245 10 - TÍTULO
Título O livro dos manuais
300 ## - DESCRIÇÃO FÍSICA
Extensão 111
362 0# - DATAS DE PUBLICAÇÃO E/OU DESIGNAÇÃO SEQUENCIAL
Datas de publicação e/ou designação sequencial 2008
697 ## - ENTRADA DE ASSUNTO LOCAL--ENTIDADE COLETIVA (RLIN)
Nome corporativo ou nome da jurisdição LITERATURA JUVENIL
942 ## - ELEMENTOS DE ENTRADA ADICIONADOS (KOHA)
Tipo de material Koha Livros
Holdings
Situação do descarte Situação das perdas Situação física Não pode ser emprestado Biblioteca de origem Biblioteca atual Data de aquisição Total de empréstimos Número de chamada completo Código de barras Data de último acesso Data do preço efetivo Tipo de material Koha Fonte da classificação ou esquema de arquivamento na estante
        Leonardo Da Vinci - Granja Viana Leonardo Da Vinci - Granja Viana 07/03/2026   869 C619L ex.1 G01943 07/03/2026 07/03/2026 Livros Classificação Decimal de Dewey
        Magnum Magnum 08/06/2024   869.4.802 MAG00070162 08/06/2024 08/06/2024 Livros